000 01144nam a2200265 a 4500
001 32466
003 BD-RjUL
005 20211209051835.0
008 140426s1966 enkb b 001 0 eng d
035 _a(BD-RjUL)32555
040 _aANL
_beng
_cANL
_dANL:NR
_dBD-RjUL
041 _aeng
082 0 4 _a301.4529706
_bINI 1966
111 2 _aInternational Africa Seminar
_b(5th :,
_d1964 :
_cAhmadu Bello University, Zaria)
_998793
245 1 0 _aIslam in tropical Africa :
_bstudies presented and discussed at the fifth International African Seminar, Ahmadu Bello University, Zaria, January 1964. /
_cedited with an introd. by I. M. Lewis ; foreword by Daryll Forde.
260 _aLondon :
_bOxford University Press for the International African Institute,
_c1966.
300 _ax, 470 p. :
_bmaps.
_c22 cm.
490 0 _aInternational African Institute. Publications
500 _aContributions in English and French.
504 _aIncludes bibliographical references and index.
650 0 _aMuslims
_zAfrica, Sub-Saharan.
_998787
700 1 _aLewis, Ioan Myrddin.
_998788
710 2 _aInternational African Institute.
_914177
942 _2ddc
_cBK
999 _c32466
_d32466